000
00348nam a2200181Ia 4500
100
_a
Mukherji/ Uma
650
_a
Physics
250
_a
4
942
_c
BK
366
_f
25
654
_a
physics
245
_a
Engineering physics
260
_b
Narosa
_c
2015
082
_b
MUK
300
_a
560
546
_a
ENGLISH
_c
Computers
999
_c
23633
_d
23633